|
|
|
|
| LEADER |
00000cam a2200000 a 4500 |
| 001 |
vtls001515046 |
| 003 |
SK-MaSNL |
| 005 |
20260302073829.0 |
| 008 |
240226s1596 gw a lat |
| 015 |
|
|
|a SNBHFA1596
|
| 035 |
|
|
|a E4F44445-460C-4EF7-9FE5-69CF117B6907
|
| 035 |
|
|
|a urn:nbn:sk:snk-amybs2
|
| 035 |
|
|
|a urn:nbn:sk:snk-am00cach
|
| 040 |
|
|
|a SNKHF
|b slo
|c SNK
|e AACR2
|
| 041 |
|
|
|a lat
|
| 044 |
|
|
|a gw
|c DE
|
| 100 |
1 |
|
|a Conti, Natale
|4 aut
|9 331295
|
| 245 |
0 |
|
|a Natalis Comitis Mythologiae, Sive, Explicationis Fabvlarvm, Libri decem
|b In quibus omnia propè Naturalis ﮟ Moralis Philosophiae dogmata contenta fuisse demonstratur. Nuper ab ipso autore recogniti & locupletati. Eivsdem Libri IIII De Venatione. Cum Indice triplici, rerum memorabilium, vrbium & locorum à variis heroibus denominatorum, ac plantarum & animalium singulis Diis dicatorum
|c Opus cuiusuis facultatis studiosis perutile ac propè necessarium. Addita Mythologia Mvsarvm, A Geofredo Linocerio Vno Libello comprehensa, & nunc recens à F. S. multis & foedis mendis expurgata
|
| 246 |
3 |
|
|a Explivationis Fabvlarvm
|
| 260 |
|
|
|a Francofvrti
|b Apud Andreae Wecheli heredes, Claudium Marnium & Ioan. Aubrium
|c M.D.XCVI. [1596]
|
| 300 |
|
|
|a [16], 1137, [54], 1138 - 1193, [1] s.
|c 17 cm
|
| 500 |
|
|
|a Signety, vlys, iniciálky s ornamentálno-figurálnym pozadím vo voľnom priestore na 5, 6 r., kustódy, rukopisné marginálie v latinčine
|
| 508 |
|
|
|a Venovanie autora Giovannimu Campaggimu a Andreasovi Wechelovi
|
| 508 |
|
|
|a Predslov Andreasa Wechela
|
| 510 |
0 |
|
|a VD 16 C/4976
|
| 561 |
|
|
|a Supralibros C. R. S. 1606.
|5 SNK ID 99416
|
| 561 |
|
|
|a Z knižnice Antona Augustína Baníka.
|5 SNK ID 99416
|
| 563 |
|
|
|a Väzba pôvodná, žltá hladká koža
|
| 700 |
1 |
|
|a Linocier, Geoffroy
|4 aut
|9 738712
|
| 700 |
1 |
|
|a Conti, Natale
|4 dto
|9 331295
|
| 700 |
1 |
|
|a Wechel, Andreas,
|d 1510-1581
|4 hnr
|4 aui
|9 331297
|
| 700 |
0 |
|
|a C.R.S.
|4 fmo
|9 738713
|
| 700 |
1 |
|
|a Campeggi, Giovanni Battista,
|d 1507-1583
|4 hnr
|9 215200
|
| 700 |
1 |
|
|a Aubry, Johann
|b I.,
|d činný 1582-1602
|4 ded
|4 tlt
|9 72562
|
| 700 |
1 |
|
|a Marne, Claude de,
|d zomrel 1610
|4 ded
|4 tlt
|9 129083
|
| 710 |
0 |
|
|a Wechel, Andreas - dedičia: Marne, Claude de - Aubry, Johann I. (Frankfurt nad Mohanom, Nemecko)
|4 prt
|9 180562
|
| 752 |
|
|
|a Nemecko
|d Frankfurt am Main
|
| 852 |
|
|
|a Slovenská národná knižnica
|b Baníkova knižnica
|p ID 99416
|
| 958 |
|
|
|a ONDV
|
| 999 |
|
|
|c 1162595
|d 1164525
|
| 952 |
|
|
|t Bk 25
|a SNK
|b SNK
|c SNK_HF
|y PREZ
|7 0
|p 17A1129172
|o snkID 99416
|i snk2016/24487
|8 5
|0 0
|1 0
|4 0
|d 2005-04-05
|f 1
|l 0
|r 2005-04-05 00:00:00
|w 2026-02-24
|